000 00606nam a2200265Ia 4500
005 20260306163818.0
008 008 260114s9999 xx 000 0 eng d
020 _a9780813050133
037 _aEBOOK
040 _aCRL
040 _beng
040 _cCRL
041 _2eng
041 _aeng
084 _qCRL
100 _aHardin Thrift
_91129411
245 0 _aConservative Bias
260 _bUniversity Press of Florida
260 _c2014
650 _aSocial Work
856 _uhttps://academic.oup.com/book/15920
942 _cEBOOK
999 _c1711594
_d1711594